01448nam0a22002411 4500001003100000005001700031035002600048100004100074101000800115102000700123105001800130200050100148210001400649215002000663300024000683320003300923606011100956686002101067700005401088801002201142801001801164852002401182RU\NLR\INFOCOMM_161\500006174820250613092734.0 a(NLR Aleph) 009174039 a20100304d1975 |||y0rusy50 ca0 afre aRU ay ||||000|y1 aActivités des organisations internationales dans le domaine de l'information scientifique, technique et industrielleeCours pour les spécialistes des pays en voie de développement sont organisés par ONUDI et UNESCO en collab. avec le Gouv. de l'URSSeLes cours sont réalisés par l'Inst. de l'inform. sci. et techn. de l'URSS, 3 avr. - 12 juin 1975fA. G. TchakhmakhtchevgUNIDO-UNESCO. Cours interrégionaux de la formation des spécialistes en inform. industrielle et documentation aΜ.d1975 a56 с.d25 см aВ вып. дан.: А. Г. Чахмачев. Международные организации в области научно-технической и промышленной информации и их деятельность aБиблиогр.: с. 54-55 aИнформационные системы и организации, международные2nlr_sh1 aЧ234(0)72rubbk 1aČachmachčevbA. G.gAleksandr Gajkovič4070 1aRUbNLRc20100304 0aRUbNLRgPSBO aNLRjПр91 Д-8/82